000 00291 a2200145 4500
001 164714
020 _a
040 _cMagnum
100 _aCarvajal, Frei Gaspar de
240 1 0 _aAs amazonas
_lpor
245 1 0 _aAs amazonas
362 0 _a1899
697 _aIJ/PARADIDATICO
942 _cBK
999 _c164714
_d164714